Asian Animals - Statistics

General Stats
  • This quiz has been taken 31 times
  • The average score is 14 of 31
Answer Stats
Hint Animal % Correct
Black and white bamboo muncher from China Giant Panda
92%
Ghost of the mountains, thick spotted pale fur Snow Leopard
84%
India's national animal, striped and powerful Bengal Tiger
80%
Longest venomous snake, raises its head to strike King Cobra
76%
Red-haired great ape found only in Borneo and Sumatra Orangutan
76%
Red tree-dweller with a ringed tail and raccoon-like face Red Panda
76%
Largest cat in the world, roams cold Russian forests Siberian Tiger
76%
World's largest lizard, venomous bite and deadly patience Komodo Dragon
72%
Smaller ears than its African cousin, sacred in many cultures Asian Elephant
68%
Smallest bear species, orange chest mark and a big tongue Sun Bear
60%
High-altitude ox with long hair, vital to Himalayan life Yak
60%
Brilliant tail feathers used in courtship displays Indian Peafowl / Peacock
52%
Tree-climbing cat with cloud-like spots Clouded Leopard
48%
Wild forest bison of India, incredibly muscular Gaur
40%
Big-nosed primate that swims well and lives in Borneo Proboscis Monkey
40%
Two-humped camel built for cold deserts Bactrian Camel
36%
Swinging acrobat with long arms and loud songs Gibbon
36%
Snow-loving monkey that bathes in hot springs Japanese Macaque
36%
Tiny primate with huge eyes, can rotate its head nearly 180 degrees Tarsier
36%
Red wild dog that hunts in cooperative packs Dhole
28%
Medium-sized feline that loves hunting fish Fishing Cat
28%
Hooded snake often seen in snake-charming shows Indian Cobra
28%
Single-horned giant with armor-like skin Indian Rhinoceros
28%
Pig-like with black and white coloring, jungle wanderer Malay Tapir
24%
Feared massive predator, has a white chest mark, climbs trees with ease Asian Black Bear
20%
Wild goat with long spiral horns, national animal of Pakistan Markhor
20%
Nicknamed "Asian unicorn", rare forest antelope of Laos and Vietnam Saola
20%
Quick reflexes, famous for killing cobras Indian Mongoose
8%
Bright orange fur and a flat blue face, lives in Chinese mountain forests Golden Snub-Nosed Monkey
4%
World's tallest flying bird, mates for life and dances in courtship Sarus Crane
4%
Round-headed river dolphin found in Southeast Asia Irrawaddy Dolphin
0%
No matching quizzes found
Score Distribution
Percent of People with Each Score
Percentile by Number Answered
Your Score History
You have not taken this quiz